Cymbeline : William Shakespeare ; edited by J.M. Nosworthy
| Main Author: | |
|---|---|
| Other Authors: | |
| Format: | Book |
| Published: |
London :
Routledge ,
1991
|
| Series: | The Arden Shakespeare
|
| Subjects: |
MARC
| LEADER | 00000cam a2200000 7i4500 | ||
|---|---|---|---|
| 001 | 0000001644 | ||
| 002 | 000001794 | ||
| 005 | 20000330.0 | ||
| 020 | |a 041502689X | ||
| 090 | 0 | 0 | |a 822.33 |b SHA |
| 100 | 1 | |a Shakespeare, William | |
| 245 | 1 | 0 | |a Cymbeline : |b William Shakespeare ; edited by J.M. Nosworthy |
| 260 | |a London : |b Routledge , |c 1991 | ||
| 300 | |a 216 p. ; |c 20 cm. | ||
| 490 | 0 | |a The Arden Shakespeare | |
| 650 | 0 | 0 | |a Cymbeline |x Drama |
| 700 | 1 | |a Nosworthy, J.M | |
| 999 | |a 034055 |b BUKU |c PINJAMAN |e PERPUSTAKAAN KOMUNITI PETALING JAYA | ||